Ảnh hưởng của trí nhớ đến khả năng diễn đạt mạch lạc ở trẻ mẫu giáo lớn /
Gardado en:
| Autor Principal: | |
|---|---|
| Formato: | Artigo |
| Idioma: | Vietnamese |
| Những chủ đề: | |
| Các nhãn: |
Engadir etiqueta
Sen Etiquetas, Sexa o primeiro en etiquetar este rexistro!
|
| Thư viện lưu trữ: | Thư viện Trường Đại học Đà Lạt |
|---|
| LEADER | 00877nam a2200277 4500 | ||
|---|---|---|---|
| 001 | DLU170179652 | ||
| 005 | ##20170413 | ||
| 040 | # | # | |a DLU |b vie |
| 041 | # | # | |a vie |
| 044 | # | # | |a vn |
| 100 | # | # | |a Nguyễn Thị Hải Thiện. |
| 245 | # | # | |a Ảnh hưởng của trí nhớ đến khả năng diễn đạt mạch lạc ở trẻ mẫu giáo lớn / |c Nguyễn Thị Hải Thiện. |
| 653 | # | # | |a Diễn đạt |
| 653 | # | # | |a Mẫu giáo |
| 653 | # | # | |a Phát triển ngôn ngữ |
| 653 | # | # | |a Trí nhớ |
| 653 | # | # | |a Trẻ em |
| 773 | # | # | |t Tạp chí Khoa học xã hội Việt Nam |g Số 4(47), 2011, tr. 46-54 |
| 920 | # | # | |a Phòng Tạp chí -- Trung tâm Thông tin - Thư viện Trường Đại học Đà Lạt |
| 900 | # | # | |a True |
| 911 | # | # | |a Hoàng Thị Huyền |
| 925 | # | # | |a G |
| 926 | # | # | |a A |
| 927 | # | # | |a BB |
| 980 | # | # | |a Thư viện Trường Đại học Đà Lạt |